00863nam a22002297a 450000500170000001000150001702000270003203500140005903700090007308200160008210000340009824500670013225000060019926000350020527000630024030000280030350000530033170000400038494200270042499900190045195201630047020260320144609.0 aENG-148098 a9789395474641c1495.00 aEN-131630 bDBAD a297.409221 aAtanasova, Kameliya N.988681 aSufism and Power in the Ottoman Empire/cKameliya N. Atanasova a1 aNew DelhibSanctum Booksc2025 a68 Medical Association Road, Darya GanjbNew Delhie110002 a182p. c24cm(hb)bIndex aThe Writings of Ismail Hakki Bursevi (1659-1725) aRigopoulos, Antonio eAuthor988678 cENh297.40922ddcmATA c215692d215692 001040718NFICaDBADbDBADd2026-03-20eDelivery of Books Act Divisiong1495.00l0o297.4092 ATApEN-131630r2026-03-20 00:00:00t1v1495.00w2026-03-20yEN